|
|
|
|
| LEADER |
00000nam a2200000 a 4500 |
| 001 |
UCU5201 |
| 003 |
CL-VaPUC |
| 008 |
960531e19690000SP |||||||||||||||||spa|d |
| 082 |
0 |
4 |
|a 621.317
|b MAR
|2 21
|
| 100 |
|
|
|a Martínez Robles, Porfirio
|e autor
|9 363085
|
| 245 |
1 |
0 |
|a Manual de interruptores automáticos
|
| 300 |
|
|
|a 153 p
|
| 942 |
|
|
|c BK
|
| 945 |
|
|
|d 19960531 00:00:00
|a lriquelm
|
| 260 |
|
|
|a Madrid
|b Paraninfo
|c 1969
|
| 650 |
|
7 |
|a INTERRUPTORES ELECTRICOS
|2 CL-VaPUC
|9 263532
|
| 650 |
|
7 |
|a EQUIPO DE CONTROL
|2 CL-VaPUC
|9 340468
|
| 650 |
|
7 |
|a TECNOLOGIA ELECTRICA
|2 CL-VaPUC
|9 336952
|
| 650 |
|
0 |
|a Circuitos eléctricos
|9 260262
|
| 583 |
|
|
|a last modification
|c 19960531 00:00:00
|k Rodrigo Vera
|
| 999 |
|
|
|c 248644
|d 248642
|